The contradictions of culture (Record no. 93199)
[ view plain ]
| 000 -LEADER | |
|---|---|
| fixed length control field | 01377nam a2200373Ia 4500 |
| 082 04 - DEWEY DECIMAL CLASSIFICATION NUMBER | |
| Classification number | 305.42 |
| 100 1# - MAIN ENTRY--AUTHOR NAME | |
| Personal name | Wilson, Elizabeth, |
| 245 14 - TITLE STATEMENT | |
| Title | The contradictions of culture |
| 260 ## - PUBLICATION, DISTRIBUTION, ETC. (IMPRINT) | |
| Place of publication | London ; |
| -- | Thousand Oaks, Calif : |
| Name of publisher | SAGE, |
| Year of publication | 2001. |
| 300 ## - PHYSICAL DESCRIPTION | |
| Number of Pages | 167 p. |
| 490 1# - SERIES STATEMENT | |
| Series statement | Theory, culture & society |
| 650 #0 - SUBJECT ADDED ENTRY--TOPICAL TERM | |
| Topical Term | Women |
| Topical Term | Feminism. |
| Topical Term | Sociology, Urban. |
| 856 40 - ELECTRONIC LOCATION AND ACCESS | |
| Uniform Resource Identifier | http://site.ebrary.com/lib/rucke/Doc?id=10567087 |
No items available.
